1072 1591 1398 1355 1975 1223 1294 1057 1674 1349 1948 1378 1191 1206 1442 1967 1446 1517 1555 1113 1918 1290 1930 1847 1055 1425 1832 1104 1006 1394 1907 1965 1918 1196 1354 1001 1646 1483 1639 1179 1527 1697 1408 1381 1113 1863 1136 1372 1308 1526 1878 1935 1818 1100 1748 1151 1883 1633 1650 1705 1789 1784 1394 1979 1725 1365 1031 1126 1717 1307 1506 1738 1306 1679 1384 1721 1952 1098 1660 1048 1582 1987 1714 1464 1340 1895 1228 1235 1003 1492 1298 1561 1717 1596 1736 1761 1058 1932 1862 BCNSPRNW ULIB Ver.6.0+V

เปลี่ยนเป็นภาษาไทย

Change to English
 แสดงรายละเอียดบรรณานุกรม
  กลับหน้าหลัก

Brief Record : Get Marc (ISO 2709) : E-mail record : QR code < ปิดหน้าต่าง
LEADER : 00000nam 2200000uu 4500
001    13399128427
003     ULIB
008    020711s2565 th a 000 0 tha d
020    ^a9786164437180
060    ^aWB105^bC464
245    ^aComprehensive emergency care : guide book/^cบรรณาธิการ วีระวัฒน์ เธียรประธาน, ชื่นฤทัย อังกูรทัศนียรัตน์, ไชยพร ยุกเซ็น.
250    ^aพิมพ์ครั้งที่ 1
260    ^aกรุงเทพฯ :^bภาควิชาเวชศาสตร์ฉุกเฉิน คณะแพทยศาสตร์โรงพยาบาลรามาธิบดี มหาวิทยาลัยมหิดล,^c2565
300    ^a744 หน้า;^b19 ซม.
650    ^aเวชศาสตร์ฉุกเฉิน
700 0  ^aวีระวัฒน์ เธียรประธาน,^eบรรณาธิการ
700 0  ^aชื่นฤทัย อังกูรทัศนียรัตน์,^eบรรณาธิการ
700 0  ^aไชยพร ยุกเซ็น,^eบรรณาธิการ
945    ^p650^l0^i010172
945    ^p650^l0^i010173
945    ^p650^l0^i010174
999    ^aประนอม เกษจรัล
รายการนี้ยังไม่มีแท็ก
คุณยังไม่ได้ล็อกอิน คุณสามารถมีกิจกรรมร่วมกับเว็บไซต์ได้ แต่ต้องล็อกอินก่อน ::
  ล็อกอิน

รายการสื่อสารสนเทศ

ลำดับที่ ประเภท เลขเรียก/บาร์โค้ด สถานที่ สถานะ
1. วิทยาศาสตร์การแพทย์ และสุขภาพ
หนังสือสำรอง
สถานะ=หนังสือสำรอง
WB105 C464 ฉ.1 
  Barcode: 010172
ห้องสมุดวิทยาเขตสวรรค์ประชารักษ์
►หนังสือทั่วไป
ถูกยืม กำหนดส่งวันที่ 3 เมษายน 2568
  จอง
2. วิทยาศาสตร์การแพทย์ และสุขภาพ
วิทยาศาสตร์การแพทย์ และสุขภาพ
WB105 C464 ฉ.2 
  Barcode: 010173
ห้องสมุดวิทยาเขตสวรรค์ประชารักษ์
►หนังสือทั่วไป
ถูกยืม กำหนดส่งวันที่ 2 พฤษภาคม 2568
  จอง
3. วิทยาศาสตร์การแพทย์ และสุขภาพ
วิทยาศาสตร์การแพทย์ และสุขภาพ
WB105 C464 ฉ.3 
  Barcode: 010174
ห้องสมุดวิทยาเขตสวรรค์ประชารักษ์
►หนังสือทั่วไป
บนชั้น

รายการใกล้เคียง
    หัวเรื่อง [เวชศาสตร์ฉุกเฉิน]

BibComment


ยังไม่เคยถูกคอมเมนท์

คอมเมนท์ทรัพยากรรายการนี้
  คอมเมนท์: Comprehensive em..


 Copyright 2026. Bcnsprnw @Library